000 00319nam a22001337a 4500
008 170204b xxu||||| |||| 00| 0 eng d
020 _a9780781759298
041 _aeng
080 _25TH
_a61
100 _a3
101 _aSHM
245 _aMANUAL OF CLINICAL PROBLEMS IN INFECTOUS DISEASE
_cGANTZ, N.M
942 _2udc
_cBK
999 _c4683
_d4683